00314nam a2200121Ia 4500008004100000041000800041082001200049100001800061245004500079260002500124300003200149365001100181240624s9999 xx 000 0 und d aeng a823 HOB aHOBSBAWM ERIC aHOW TO CHANGE THE WORLD TALES OF MARX AN c2011aLondonbAbacus aviii, : 470 : p. : cm. ; 20 cRSb25